Austria Wien Cupsiege - Statistiken

Allgemein
  • Dieses Quiz wurde 26 mal gespielt
  • Das Durchschnittsergebnis liegt bei 13 aus 27
Antwortstatistiken
Hint Antwort % Korrekt
1960 Rapid Wien
90%
1971 Rapid Wien
90%
1986 Rapid Wien
90%
1990 Rapid Wien
90%
2005 Rapid Wien
90%
1948 Sturm Graz
90%
1962 GAK
81%
1935 WAC
71%
1963 LASK
67%
1967 LASK
67%
1974 Austria Salzburg
57%
1980 Austria Salzburg
57%
1982 Wacker Innsbruck
48%
1992 Admira Wacker
38%
2009 Admira Wacker
38%
1925 First Vienna
33%
1926 First Vienna
33%
1936 First Vienna
33%
1921 Wiener Sportklub
24%
1977 Wiener Sportklub
24%
2003 FC Kärnten
19%
1994 FC Linz
19%
2006 SV Mattersburg
19%
2007 SV Mattersburg
19%
1949 Vorwärts Steyr
5%
1933 BAC Wien
0%
1924 Slovan Wien
0%
Keine übereinstimmenden Quizze gefunden
Verteilung der Resultate
Anzahl Personen mit jedem Resultat
Perzentil nach korrekt beantworteten Fragen
Ihre Resultats-Entwicklung
Sie haben dieses Quiz noch nicht gespielt